000 00281nam a22001217a 4500
008 170614b xxu||||| |||| 00| 0 eng d
041 _aeng
080 _a338
100 _a19
101 _aSHP
245 _aTHE POLITICALECONOMY OF CONTEMPORARY
_cGUTKIND.P.C.W
942 _2udc
_cBK
999 _c17249
_d17249